Estatísticas para Países da Eurásia

Clique aqui para jogar o quiz

Estatísticas Gerais

  • Esse quiz foi jogado 120 vezes
    (109 desde o último reset)
  • A pontuação média é 81 de 93

Estatísticas das Respostas

ContinentePaís% Correto
Europa e ÁsiaRússia
97%
EuropaAlemanha
95%
EuropaAndorra
94%
EuropaEspanha
94%
EuropaFinlândia
94%
EuropaReino Unido
94%
Europa e ÁsiaTurquia
94%
EuropaAlbânia
93%
ÁsiaChina
93%
EuropaCroácia
93%
EuropaPortugal
93%
EuropaBélgica
92%
EuropaBósnia e Herzegovina
92%
Europa e ÁsiaCazaquistão
92%
ÁsiaCoreia do Sul
92%
ÁsiaÍndia
92%
EuropaItália
92%
EuropaSuécia
92%
ÁsiaArábia Saudita
91%
EuropaÁustria
91%
EuropaBielorrússia
91%
Europa e ÁsiaChipre
91%
ÁsiaCoreia do Norte
91%
EuropaEslováquia
91%
EuropaGrécia
91%
EuropaMônaco
91%
EuropaNoruega
91%
ÁsiaPaquistão
91%
Europa e ÁsiaArmênia
90%
EuropaEslovénia
90%
EuropaFrança
90%
EuropaHungria
90%
ÁsiaIrã
90%
EuropaIrlanda
90%
ÁsiaJapão
90%
EuropaPolônia
90%
ÁsiaTailândia
90%
EuropaUcrânia
90%
EuropaVaticano
90%
EuropaDinamarca
89%
EuropaEstônia
89%
Europa e ÁsiaGeórgia
89%
ÁsiaIndonésia
89%
EuropaIslândia
89%
ÁsiaIsrael
89%
EuropaKosovo
89%
EuropaLuxemburgo
89%
EuropaRepublica Checa
89%
EuropaSuiça
89%
ÁsiaUzbequistão
89%
ÁsiaVietnã
89%
EuropaBulgária
87%
ÁsiaCatar
87%
EuropaHolanda
87%
EuropaLetônia
87%
EuropaLituânia
87%
EuropaSérvia
87%
ÁsiaTurcomenistão
87%
ÁsiaAfeganistão
86%
Europa e ÁsiaAzerbaijão
86%
EuropaMoldávia
86%
EuropaMontenegro
86%
ÁsiaOmã
86%
EuropaRomênia
86%
EuropaSan Marino
86%
ÁsiaTajiquistão
86%
ÁsiaButão
85%
ÁsiaIraque
85%
ÁsiaJordânia
85%
ÁsiaLaos
85%
EuropaMacedônia
85%
ÁsiaMyanmar
85%
ÁsiaSíria
85%
EuropaLiechtenstein
84%
ÁsiaMalásia
84%
EuropaMalta
84%
ÁsiaMongólia
84%
ÁsiaEmirados Árabes Unidos
83%
ÁsiaIêmen
83%
ÁsiaQuirguistão
83%
ÁsiaSri Lanka
83%
ÁsiaNepal
82%
ÁsiaBangladesh
80%
ÁsiaFilipinas
80%
ÁsiaLíbano
80%
ÁsiaCamboja
79%
ÁsiaSingapura
79%
ÁsiaTaiwan
79%
ÁsiaBrunei
78%
ÁsiaBahrein
77%
ÁsiaKuwait
76%
ÁsiaMaldivas
72%
ÁsiaTimor Leste
72%

Distribuição das Pontuações

Percentil de Números Respondidos

Porcentagem de Pessoas com Cada Pontuação

Sua Pontuação Histórica

Você não jogou esse quiz desde o último reset